000 00456cam a2200145 4500500
005 20260329020120.0
041 _afre
042 _adc
100 1 0 _aHugonnot, Emmanuel
_eauthor
245 0 0 _aFrequency drift laser pulse amplification
260 _c2026.
500 _a72
786 0 _nPhysics and chemistry | - | 2026-03-05 | p. 19-19
856 4 1 _uhttps://stm.cairn.info/physical-optics--bdti42528210-e6515-page-19?lang=en&redirect-ssocas=7080
999 _c1904057
_d1904057